| 000 | 00348nam a22001337a 4500 | ||
|---|---|---|---|
| 008 | 260530b |||||||| |||| 00| 0 eng d | ||
| 020 | _a9789381275214 | ||
| 082 | _a001914 | ||
| 100 | _aPrahlada Acharya, D | ||
| 245 | _aPrabhakara Vijaya of Nandisvara | ||
| 260 |
_aBangalore _bPoorna Prajna Samshodhan Trust _c2013 |
||
| 300 | _a90p | ||
| 942 | _2ddc | ||
| 999 |
_c1492 _d1492 |
||